|
|
|
|
| LEADER |
00586cam a2200193 7i4500 |
| 001 |
0000003985 |
| 005 |
19991025090000.0 |
| 002 |
##000005424 |
| 020 |
0 |
0 |
|a 0-88730-473-7
|
| 090 |
0 |
0 |
|a B 337
|b OHM
|
| 100 |
1 |
0 |
|a Ohmal
|
| 245 |
0 |
0 |
|a The Borderless world :
|b power and strategy in the interlinked economy..
|
| 260 |
0 |
0 |
|a New York:
|b Harper Collins,
|c 1990.
|
| 300 |
0 |
0 |
|a 223 p..
|
| 650 |
0 |
0 |
|a International trade
|
| 650 |
0 |
0 |
|a Developing countries --
|x Commerce --
|z Japan
|
| 650 |
0 |
0 |
|a International economic
|
| 651 |
0 |
0 |
|a Japan
|
| 999 |
|
|
|a 0000006142
|b Book
|c Open shelf
|e Business Information Centre
|